Mládež a spoločnosť slovenský časopis pre štátnu politiku a výskum mládeže

Na minha lista:
Detalhes bibliográficos
Formato: Periódico
Idioma:eslovaco
Publicado em: Bratislava Ministerstvo školstva, výskumu, vývoja a mládeže Slovenskej republiky 2025
Tags: Adicionar Tag
Sem tags, seja o primeiro a adicionar uma tag!

MARC

LEADER 00000nas2a2200000 4500
001 0313502
005 20251208104402.4
022 |a 1335-1109 
041 0 |a slo 
044 |a SK 
245 1 0 |a Mládež a spoločnosť  |b slovenský časopis pre štátnu politiku a výskum mládeže 
264 1 |a Bratislava  |b Ministerstvo školstva, výskumu, vývoja a mládeže Slovenskej republiky  |c 2025 
773 0 |w eu_un_cat*0008966